A man in charge : (Record no. 522689)
[ view plain ]
| 000 -LEADER | |
|---|---|
| fixed length control field | 01035pam a2200325 a 4500 |
| 001 - CONTROL NUMBER | |
| control field | 1479738 |
| 003 - CONTROL NUMBER IDENTIFIER | |
| control field | NUST |
| 005 - DATE AND TIME OF LATEST TRANSACTION | |
| control field | 20190102053234.0 |
| 008 - FIXED-LENGTH DATA ELEMENTS--GENERAL INFORMATION | |
| fixed length control field | 880321r19881979nyu 000 1 eng |
| 010 ## - LIBRARY OF CONGRESS CONTROL NUMBER | |
| LC control number | 87046164 |
| 020 ## - INTERNATIONAL STANDARD BOOK NUMBER | |
| International Standard Book Number | 0060971290 : |
| Terms of availability | $7.95 |
| 038 ## - RECORD CONTENT LICENSOR | |
| Staff Name | waseem |
| 040 ## - CATALOGING SOURCE | |
| Original cataloging agency | DLC |
| Transcribing agency | DLC |
| Modifying agency | DLC |
| 043 ## - GEOGRAPHIC AREA CODE | |
| Geographic area code | n-us-ct |
| 050 10 - LIBRARY OF CONGRESS CALL NUMBER | |
| Classification number | PS3566.H475 |
| Item number | M3 1988 |
| 082 00 - DEWEY DECIMAL CLASSIFICATION NUMBER | |
| Classification number | 813.54 |
| Author Mark | PHI |
| 100 1# - MAIN ENTRY--PERSONAL NAME | |
| Personal name | Philipson, Morris, |
| Dates associated with a name | 1926-2011. |
| 9 (RLIN) | 12848 |
| 245 12 - TITLE STATEMENT | |
| Title | A man in charge : |
| Remainder of title | a novel / |
| Statement of responsibility, etc. | by Morris Philipson. |
| 260 ## - PUBLICATION, DISTRIBUTION, ETC. | |
| Place of publication, distribution, etc. | New York : |
| Name of publisher, distributor, etc. | Perennial Library, |
| Date of publication, distribution, etc. | 1988. |
| 300 ## - PHYSICAL DESCRIPTION | |
| Extent | 364 p. ; |
| Dimensions | 21 cm. |
| 500 ## - GENERAL NOTE | |
| General note | Originally published: New York : Simon and Schuster, c1979. |
| 650 #0 - SUBJECT ADDED ENTRY--TOPICAL TERM | |
| Topical term or geographic name entry element | Married people |
| Form subdivision | Fiction. |
| 9 (RLIN) | 9944 |
| 650 #0 - SUBJECT ADDED ENTRY--TOPICAL TERM | |
| Topical term or geographic name entry element | Adultery |
| Form subdivision | Fiction. |
| 9 (RLIN) | 9946 |
| 650 #0 - SUBJECT ADDED ENTRY--TOPICAL TERM | |
| Topical term or geographic name entry element | College administrators |
| Form subdivision | Fiction. |
| 9 (RLIN) | 12849 |
| 651 #0 - SUBJECT ADDED ENTRY--GEOGRAPHIC NAME | |
| Geographic name | New Haven (Conn.) |
| Form subdivision | Fiction. |
| 9 (RLIN) | 12850 |
| 655 #7 - INDEX TERM--GENRE/FORM | |
| Genre/form data or focus term | Domestic fiction. |
| Source of term | lcsh |
| 9 (RLIN) | 4525 |
| 655 #7 - INDEX TERM--GENRE/FORM | |
| Genre/form data or focus term | College stories. |
| Source of term | lcsh |
| 9 (RLIN) | 12851 |
| 906 ## - LOCAL DATA ELEMENT F, LDF (RLIN) | |
| a | 7 |
| b | cbc |
| c | orignew |
| d | 1 |
| e | ocip |
| f | 19 |
| g | y-gencatlg |
| 942 ## - ADDED ENTRY ELEMENTS (KOHA) | |
| Source of classification or shelving scheme | |
| Koha item type | Book |
| Withdrawn status | Lost status | Source of classification or shelving scheme | Damaged status | Not for loan | Collection code | Permanent Location | Current Location | Shelving location | Date acquired | Source of acquisition | Total Checkouts | Full call number | Barcode | Checked out | Date last seen | Date last checked out | Price effective from | Koha item type |
|---|---|---|---|---|---|---|---|---|---|---|---|---|---|---|---|---|---|---|
| Central Library (CL) | Central Library (CL) | Book Cart | 01/02/2019 | Donation | 3 | 813.54 PHI | CL-D-195 | 05/14/2026 | 04/14/2026 | 04/14/2026 | 01/02/2019 | Book |
